00280nam a2200109Ia 4500020001900000100002500019245003500044082001200079942002100091008004100112999001700153 a9780798171076" aKarsten, Chris91812 0aDIE VERSDWYNING VAN BILLY KATZ aAF CHRI cBK yzCRON CRON210805s9999 xx 000 0 und d c54487d54486